000 00376nam a2200145Ia 4500
008 230917s9999||||xx |||||||||||||| ||und||
040 _e214650
_aMAIN
041 _aEnglish
082 _a809.2 G217R
100 _aGassner, John, ed.
245 0 _aReader`s encyclopedia of world drama
260 _aNew York
_bDover Publications
_c2002
300 _ax, 1030 p.
942 _cBK
999 _c175351
_d175351